| 000 | 03021nam a2200457 a 4500 | ||
|---|---|---|---|
| 003 | CHAP | ||
| 005 | 20240520125926.0 | ||
| 007 | ta | ||
| 008 | 220809s2020 mx eodbfr|||| 001 0 spa d | ||
| 040 | _amxchpua | ||
| 090 |
_aT.C.846 _bS99 EIUPA _c2020 |
||
| 245 | 1 | 0 |
_aEmpresa Rancho El Mogor / _ccoordinadores Rosa Guadalupe Szymaski Duque y Emmanuel Flores Girón ; colaboradores Beatriz Adriana Chávez Covarrubias...[et al.] |
| 260 |
_aChapingo, México : _bEl autor, _c2020 |
||
| 300 |
_a144 hojas : _bilustraciones, mapas. gráficas, diagramas, tablas, fotos, planos + _e1 CD-ROM |
||
| 336 |
_2rdacontent _atexto _btxt |
||
| 337 |
_2rdamedia _amo mediado _bn |
||
| 338 |
_2rdacarrier _avolumen _bnc |
||
| 500 | _aGrado 7° Grupo 3 | ||
| 502 |
_aViaje de Estudios _b(EIUPA) -- _cUACh. Departamento de Ingeniería Agroindustrial, _d2020 |
||
| 504 | _aBibliografía: h. 117-120 | ||
| 505 | 0 | _aPlanos -- 1. Planos Vino -- a) Plano de Distribución de áreas del proceso de elaboración de vino (Esc. 1:45) -- b) Plano de Distribución de equipos para el proceso de elaboración de vino (Esc. 1:45) -- c) Plano de Distribución de equipos para el proceso de elaboración de vino (Propuesta) (Esc. 1:45) -- d) Plano de Diagrama del proceso de elaboración de vino (Esc. 1:45) -- e) Plano de Diagrama de recorrido del proceso de elaboración de vino (Propuesta) (Esc. 1:50) -- 2. Planos Borregos para carne -- a) Plano del área productiva (Esc. 1:2250) -- b) Plano de Distribución de áreas de establo (Esc. 1:50) -- c) Plano de Distribución de áreas de sacrificio (Esc. 1:15) -- d) Plano de Distribución de áreas de bodega (Esc. 1:40) -- e) Plano de Distribución de áreas de proceso de sacrificio (Propuesta) (Esc. 1:40) | |
| 650 | 1 | 3 |
_aIndustria del vino _zMéxico _zBaja California |
| 650 | 1 | 3 |
_aCultivares de vino _xCalidad de los cultivos _zMéxico _zBaja California |
| 650 | 1 | 3 |
_9156221 _aCalidad del vino |
| 650 | 1 | 3 |
_aVinos _xOrganización industrial y estructura de mercado |
| 650 | 1 | 3 |
_aGanado de carne _zMéxico _zBaja California |
| 650 | 1 | 3 |
_9185393 _aRaza de oveja Dorper |
| 650 | 1 | 3 |
_9161153 _aGanadería de rancho |
| 650 | 1 | 3 |
_aWine industry _zMexico _zBaja California |
| 650 | 1 | 3 |
_aWine cultivars _xCrop quality _zMexico _zBaja California |
| 650 | 1 | 3 |
_9156223 _aWine quality |
| 650 | 1 | 3 |
_aWines _xIndustrial organization and market structure |
| 650 | 1 | 3 |
_aBeef cattle _zMexico _zBaja California |
| 650 | 1 | 3 |
_9161156 _aRanching |
| 700 | 1 |
_aSzymanski Duque, Rosa Guadalupe _ecoordinadora |
|
| 700 | 1 |
_aFlores Girón, Emmanuel _ecoordinador _941560 |
|
| 700 | 1 |
_9185309 _aChávez Covarrubias, Beatriz Adriana _ecolaboradora |
|
| 856 | 4 | 1 |
_uhttp://10.13.5.2/ve/T_C_846_EIUPA/T_C_846_EIUPA_2020_PLANO_DIAGRAMAS_Y_PLANOS_1.pdf _yDESCARGAR PLANOS VINO |
| 856 | 4 | 1 |
_uhttp://10.13.5.2/ve/T_C_846_EIUPA/T_C_846_EIUPA_2020_PLANO_DIAGRAMA_Y_PLANOS_2.pdf _yDESCARGAR PLANOS BORREGOS PARA CARNE |
| 856 | 4 | 1 |
_uhttp://10.13.5.2/ve/T_C_846_EIUPA/T_C_846_EIUPA_2020_REPORTE.pdf _yDESCARGAR REPORTE |
| 999 |
_c217588 _d217588 |
||